Entry Nombre personal
001 - NÚMERO DE CONTROL
- campo de control: 157690
003 - IDENTIFICADOR DE NÚMERO DE CONTROL
- campo de control: SpMaBN
005 - FECHA Y HORA DE LA ÚLTIMA TRANSACCIÓN
- campo de control: 20250817052556.0
008 - ELEMENTOS DE DATO DE LONGITUD-FIJA
- campo de control de longitud fija: 930622n| aijnnaabn |a aaa
016 ## - NÚMERO DE CONTROL DE UNA AGENCIA BIBLIOGRÁFICA NACIONAL
- Número de control del registro: BNE19931812899
024 7# - IDENTIFICADOR DE OTROS ESTÁNDARES
- Número estándar o código: http://viaf.org/viaf/7806638/
- Fuente: viaf
024 8# - IDENTIFICADOR DE OTROS ESTÁNDARES
- Número estándar o código: https://www.museodelprado.es/coleccion/artista/wd/8f80c380-f7e 1-4619-a27f-1e003be981d8
024 8# - IDENTIFICADOR DE OTROS ESTÁNDARES
- Número estándar o código: https://data.cervantesvirtual.com/person/31726
024 8# - IDENTIFICADOR DE OTROS ESTÁNDARES
- Número estándar o código: https://data.cervantesvirtual.com/person/22482
024 7# - IDENTIFICADOR DE OTROS ESTÁNDARES
- Número estándar o código: https://isni.org/isni/0000000066358938
- Fuente: isni
024 7# - IDENTIFICADOR DE OTROS ESTÁNDARES
- Número estándar o código: http://www.wikidata.org/entity/Q23976698
- Fuente: wikidata
040 ## - FUENTE DE CATALOGACIÓN
- Centro catalogador/agencia de origen: SpMaBN
- Lengua de catalogación: spa
- Centro/agencia transcriptor: SpMaBN
- Normas de descripción: rdc
- Convención/Normas de encabezamiento de materia/tesauro: embne
046 ## - FECHAS CON CODIFICACIÓN ESPECIAL
- Fecha de nacimiento: 1752
- Fecha de la muerte: 1810
100 1# - ENCABEZAMIENTO-NOMBRE DE PERSONA
- Nombre de persona: Selma, Fernando,
- Fechas asociadas al nombre: 1752-1810
370 ## - LUGAR ASOCIADO
- Lugar de nacimiento: Valencia
- Número de control del registro de autoridad o número normalizado: XX450548
- Fuente de información: Wikidata
374 ## - OCUPACIÓN
- Ocupación: Grabadores
- Fuente de información: Wikidata
375 ## - GÉNERO/SEXO
- Género: Masculino
- Fuente de información: Wikidata
377 ## - IDIOMA ASOCIADO
- Código del idioma: spa
- Término de lengua/lenguaje: Español
400 0# - TRAZADO DE VÉASE--NOMBRE DE PERSONA
- Nombre de persona: F. S. [monograma],
- Fechas asociadas al nombre: 1752-1810
670 ## - FUENTE DE DATOS ENCONTRADOS
- Cita de la fuente: Páez. Repertorio
- Información encontrada: t. III, nº 2020 (Selma, Fernando (1752-1810); grabador de Cámara de Carlos IV, discípulo de Carmona)
670 ## - FUENTE DE DATOS ENCONTRADOS
- Cita de la fuente: Selma, Fernando. El grabado al servicio de la cultura ilustrada. Barcelona, 1993
- Información encontrada: 265 (Tarjeta de visita de María Salomé Burriel // F.S.)
